Инструкция по проведению повинности для лесозаготовок и подвоза топлива на Урале (Запись № 11387459)

Подробности
000 -МАРКЕР
контрольное поле 03086nam0a2200445 4500
001 - ИДЕНТИФИКАТОР ЗАПИСИ
контрольное поле RU\NLR\BIBL_A\011700565
005 - ИДЕНТИФИКАТОР ВЕРСИИ
контрольное поле 20250630160104.0
020 ## - НОМЕР ДОКУМЕНТА В НАЦИОНАЛЬНОЙ БИБЛИОГРАФИИ
Код страны Российская Федерация
Номер 14942
Основное заглавие издания Российской книжной палаты Сводный каталог листовок первых лет Советской власти (25 октября (7 ноября) 1917 - 1925) Т.5. Листовки советских, партийных, профсоюзных, комсомольских и других организаций Уральской области, автономных областей и республик РСФСР. Ч.2
035 ## - ДРУГИЕ СИСТЕМНЫЕ НОМЕРА
Идентификатор записи (NLR Aleph) 011700565
100 ## - ДАННЫЕ ОБЩЕЙ ОБРАБОТКИ
Данные общей обработки 20180516d1920 |||y0rusy50 ca
101 0# - ЯЗЫК РЕСУРСА
Язык текста, звукозаписи и т.д. русский
102 ## - СТРАНА ПУБЛИКАЦИИ ИЛИ ПРОИЗВОДСТВА
Страна публикации Российская Федерация
105 ## - ПОЛЕ КОДИРОВАННЫХ ДАННЫХ: ТЕКСТОВЫЕ МАТЕРИАЛЫ, МОНОГРАФИЧЕСКИЕ
Кодированные данные о монографическом текстовом документе y z 000zy
135 ## - ПОЛЕ КОДИРОВАННЫХ ДАННЫХ: ЭЛЕКТРОННЫЕ РЕСУРСЫ
Кодированные данные для электронного ресурса crcn 024apada
200 1# - ЗАГЛАВИЕ И СВЕДЕНИЯ ОБ ОТВЕТСТВЕННОСТИ
Основное заглавие Инструкция по проведению повинности для лесозаготовок и подвоза топлива на Урале
Сведения, относящиеся к заглавию (принято на заседании Уралкомтруда 18 окт. 1920 г.)
-- [листовка
Первые сведения об ответственности Уральский обл. комитет по всеобщей трудовой повинности]
210 ## - ПУБЛИКАЦИЯ, РАСПРОСТРАНЕНИЕ И ДР.
Место издания, распространения и т.д. Камышлов
Имя издателя, распространителя и т. д. Камышлов. гос.тип.
Дата издания, распространения и т.д. 1920, дек.
215 ## - ФИЗИЧЕСКАЯ ХАРАКТЕРИСТИКА
Специфическое обозначение материала и объем 1 с. в 2 стб.
Размеры 43х32
300 ## - ОБЩИЕ ПРИМЕЧАНИЯ
Текст примечания Подписи: Предуралкомтруд и Уполнаркомтруд Увзеров. Уралкомпрода Пономаренко. Начураллесотдела Чекин и др.
325 1# - ПРИМЕЧАНИЕ О КОПИИ
Текст примечания Копия доступна в Электронной библиотеке РНБ
607 ## - ГЕОГРАФИЧЕСКОЕ НАИМЕНОВАНИЕ КАК ПРЕДМЕТ
Географическое наименование РСФСР
Формальный подзаголовок Листовки
Тематический подзаголовок Политика и управление
Географический подзаголовок 1917 - 1925
Системный номер авторитетной/нормативной записи 2312782
Идентификатор авторитетной/нормативной записи RU\NLR\auth\6601609564
607 ## - ГЕОГРАФИЧЕСКОЕ НАИМЕНОВАНИЕ КАК ПРЕДМЕТ
Географическое наименование Екатеринбургская губерния
Формальный подзаголовок Листовки
Тематический подзаголовок Политика и управление
Системный номер авторитетной/нормативной записи 2471147
Идентификатор авторитетной/нормативной записи RU\NLR\AUTH\6601684649
686 0# - ИНДЕКСЫ ДРУГИХ КЛАССИФИКАЦИЙ
Индекс Т3(2)71-313,011
686 0# - ИНДЕКСЫ ДРУГИХ КЛАССИФИКАЦИЙ
Индекс Т3(2Р-7Е)713-313,011
702 #1 - ИМЯ ЛИЦА - ВТОРИЧНАЯ ОТВЕТСТВЕННОСТЬ
Код отношения Подписавшее лицо
Графика поля Кириллица
Материалы, к которым относится поле rus
Начальный элемент ввода Евзеров
Часть имени, кроме начального элемента ввода Д.
Дополнения к именам, кроме дат участник установления советской власти, предуралкомтруда, Уральская обл.
Системный номер авторитетной/нормативной записи 194055
Идентификатор авторитетной/нормативной записи RU\NLR\AUTH\770194106
702 #1 - ИМЯ ЛИЦА - ВТОРИЧНАЯ ОТВЕТСТВЕННОСТЬ
Код отношения Подписавшее лицо
Графика поля Кириллица
Материалы, к которым относится поле rus
Начальный элемент ввода Пономаренко
Дополнения к именам, кроме дат служащий Уралкомпрода
Системный номер авторитетной/нормативной записи 194063
Идентификатор авторитетной/нормативной записи RU\NLR\AUTH\770194114
702 #1 - ИМЯ ЛИЦА - ВТОРИЧНАЯ ОТВЕТСТВЕННОСТЬ
Графика поля Кириллица
Материалы, к которым относится поле rus
Начальный элемент ввода Чекин
Дополнения к именам, кроме дат начальник Ураллесотдела
Системный номер авторитетной/нормативной записи 194065
Идентификатор авторитетной/нормативной записи RU\NLR\AUTH\770194116
711 02 - НАИМЕНОВАНИЕ ОРГАНИЗАЦИИ - АЛЬТЕРНАТИВНАЯ ОТВЕТСТВЕННОСТЬ
Начальный элемент ввода Уральский областной комитет по всеобщей трудовой повинности
Системный номер авторитетной/нормативной записи 623489
Идентификатор авторитетной/нормативной записи RU\NLR\AUTH\880481445
852 00 - МЕСТОНАХОЖДЕНИЕ И ШИФР ХРАНЕНИЯ
Идентификатор организации NLR
Наименование фонда или коллекции (Sub-Location Identifier) ФЛ
Шифр хранения (Call Number) 28/134
856 #0 - МЕСТОНАХОЖДЕНИЕ ЭЛЕКТРОННЫХ РЕСУРОВ И ДОСТУП К НИМ
Универсальный идентификатор ресурса (Uniform Resource Identifier) https://vivaldi.nlr.ru/ll000078828/view
856 #1 - МЕСТОНАХОЖДЕНИЕ ЭЛЕКТРОННЫХ РЕСУРОВ И ДОСТУП К НИМ
Универсальный идентификатор ресурса (Uniform Resource Identifier) https://vivaldi.nlr.ru/ll000078828/cover
856 #2 - МЕСТОНАХОЖДЕНИЕ ЭЛЕКТРОННЫХ РЕСУРОВ И ДОСТУП К НИМ
Универсальный идентификатор ресурса (Uniform Resource Identifier) https://vivaldi.nlr.ru/ll000078828/text
942 ## - ДОПОЛНИТЕЛЬНЫЕ ЭЛЕМЕНТЫ ЗАПИСИ (АБИС)
Тип экземпляра АБИС Книга
980 ## - КОЛЛЕКЦИЯ
Название коллекции Национальная библиография
981 21 - КОЛЛЕКЦИЯ ЭЛЕКТРОННОЙ БИБЛИОТЕКИ
Название коллекции Листовки
Название подколлекции
Экземпляры
Тип экземпляра Дата поступления Библиотека постоянного хранения Библиотека текущего хранения Место хранения Шифр хранения Штрих-код Статус экземпляра
Листовка 17.05.2025 РНБ (Садовая) РНБ (Садовая) Русский книжный фонд -Главное здание, Ленинский читальный зал ФЛ 28/134 11700565-10  
Листовка 17.05.2025 РНБ (Садовая) РНБ (Садовая) Русский книжный фонд -Главное здание, Ленинский читальный зал ФЛ 28/134а 11700565-20